[Event "RUS-chT rapid"]
[Site "Sochi"]
[Date "2019.10.19"]
[Round "6.4"]
[White "Apryshko, Gleb"]
[Black "Rozum, Ivan"]
[Result "1/2-1/2"]
[WhiteElo "2382"]
[BlackElo "2599"]
[PlyCount "158"]
[EventDate "2019.10.18"]
[EventType "team-swiss (rapid)"]
[EventRounds "9"]
[EventCountry "RUS"]
[SourceTitle "CBM 192 Extra"]
[Source "Chessbase"]
[SourceDate "2019.11.06"]
[SourceVersion "1"]
[SourceVersionDate "2019.11.06"]
[SourceQuality "1"]
[WhiteTeam "Moscow Chess Transit"]
[BlackTeam "SSHOR Vityaz (Vologda)"]
[WhiteTeamCountry "RUS"]
[BlackTeamCountry "RUS"]

1. e4 c5 2. Nf3 e6 3. Nc3 a6 4. g3 Nc6 5. Bg2 Nge7 6. d4 cxd4 7. Nxd4 Nxd4 8. Qxd4 Nc6 9. Qd3 Ne5 10. Qe2 Bc5 11. Be3 Qb6 12. Na4 Qa5+ 13. Qd2 Qxd2+ 14. Bxd2 Ba7 15. Ba5 Nc4 16. Bb4 b5 17. b3 a5 18. bxc4 axb4 19. cxb5 Bb7 20. b6 Bb8 21. Nc5 Be5 22. Rb1 Bc6 23. 0-0 Bc3 24. b7 Rb8 25. e5 Bxg2 26. Kxg2 Ke7 27. Rfd1 Rhd8 28. f4 f6 29. Ne4 Rxb7 30. Nxc3 Rc8 31. Rd3 Rbc7 32. Ne2 Rxc2 33. Kf3 fxe5 34. fxe5 Rf8+ 35. Ke3 Rf5 36. Nd4 Rxe5+ 37. Kf4 Rcc5 38. Rxb4 Re1 39. Nf3 e5+ 40. Kg4 h5+ 41. Kh3 Rf1 42. Rb7 Ke6 43. Rbxd7 Rxf3 44. R7d6+ Ke7 45. Rd7+ Ke6 46. Rxf3 Kxd7 47. Rf7+ Ke6 48. Rxg7 e4 49. Rg6+ Kf5 50. Rh6 Kg5 51. Re6 Kf5 52. Rh6 Kg5 53. Re6 Kf5 54. Re8 Rc2 55. a4 Ra2 56. Ra8 Ke6 57. Re8+ Kd5 58. Rd8+ Kc4 59. Re8 Kd3 60. a5 Rxa5 61. g4 e3 62. Kh4 hxg4 63. Kxg4 e2 64. h4 Ra8 65. Re7 Rg8+ 66. Kf5 Rf8+ 67. Kg6 Rg8+ 68. Kf5 Rh8 69. Kg5 Rg8+ 70. Kf5 Rg1 71. h5 e1Q 72. Rxe1 Rxe1 73. h6 Rh1 74. Kg6 Ke4 75. h7 Rg1+ 76. Kf7 Rh1 77. Kg7 Kf5 78. h8Q Rxh8 79. Kxh8 Ke5 1/2-1/2

[Event "RUS-chT rapid"]
[Site "Sochi"]
[Date "2019.10.19"]
[Round "8.4"]
[White "Samusenko, Maksim"]
[Black "Apryshko, Gleb"]
[Result "1-0"]
[WhiteElo "2445"]
[BlackElo "2382"]
[PlyCount "193"]
[EventDate "2019.10.18"]
[EventType "team-swiss (rapid)"]
[EventRounds "9"]
[EventCountry "RUS"]
[SourceTitle "CBM 192 Extra"]
[Source "Chessbase"]
[SourceDate "2019.11.06"]
[SourceVersion "1"]
[SourceVersionDate "2019.11.06"]
[SourceQuality "1"]
[WhiteTeam "Rook (Kazan)"]
[BlackTeam "Moscow Chess Transit"]
[WhiteTeamCountry "RUS"]
[BlackTeamCountry "RUS"]

1. d4 g6 2. e4 Bg7 3. Nc3 d6 4. Bf4 a6 5. Nf3 Nd7 6. Bc4 e6 7. a4 b6 8. 0-0 Ne7 9. Qd2 h6 10. h4 Bb7 11. Rfe1 Nf6 12. Bb3 Ng4 13. Rad1 Qd7 14. Qe2 Nf6 15. e5 Nfd5 16. Nxd5 Nxd5 17. Bg3 b5 18. axb5 axb5 19. Nd2 Ne7 20. h5 g5 21. f3 Bd5 22. Bxd5 Nxd5 23. Ne4 Ra6 24. Ra1 Rxa1 25. Rxa1 dxe5 26. dxe5 0-0 27. Qd2 Qc6 28. Kh2 Nb6 29. Rd1 Nc4 30. Qd4 Qb6 31. Qc3 Ne3 32. Re1 Nf5 33. Bf2 b4 34. Qc5 Qxc5 35. Nxc5 Rd8 36. Re2 Rd5 37. b3 Bxe5+ 38. Kh3 Bd6 39. Nd3 Nd4 40. Bxd4 Rxd4 41. g3 c5 42. Nb2 Bc7 43. g4 Kf8 44. Kg2 Ke7 45. Kf2 Kd6 46. Nc4+ Kc6 47. Nb2 Bf4 48. Nd3 Bc7 49. Re1 Kb5 50. Ke2 c4 51. bxc4+ Kxc4 52. Rb1 Kc3 53. Kd1 Bd6 54. Rb3+ Kc4 55. Ke2 f5 56. Nf2 Bf4 57. Nd3 Bd6 58. Nf2 Rd5 59. Nd3 Ra5 60. Nb2+ Kc5 61. Re3 Ra2 62. Nd3+ Kd5 63. Re5+ Kd4 64. Rxe6 Rxc2+ 65. Kd1 Kc3 66. Rxd6 Rd2+ 67. Kc1 Rc2+ 68. Kb1 b3 69. Nc1 Rb2+ 70. Ka1 Rf2 71. Rc6+ Kd4 72. Nxb3+ Ke3 73. gxf5 Kxf3 74. Rxh6 g4 75. Rg6 Rh2 76. Nd4+ Kf4 77. f6 Ke5 78. f7 Rf2 79. Rxg4 Rxf7 80. Kb2 Rh7 81. Rh4 Kf6 82. Nf3 Re7 83. Kc2 Re3 84. Rf4+ Kg7 85. Rf5 Kh6 86. Kd2 Re4 87. Kd3 Re7 88. Ne5 Rg7 89. Ke4 Rg1 90. Kf4 Rf1+ 91. Nf3 Ra1 92. Kg3 Ra3 93. Kg4 Ra4+ 94. Kh3 Ra3 95. Kg3 Rb3 96. Rd5 Ra3 97. Kg4 1-0

[Event "RUS-chT rapid"]
[Site "Sochi"]
[Date "2019.10.18"]
[Round "2.4"]
[White "Girshgorn, Leonid"]
[Black "Apryshko, Gleb"]
[Result "1-0"]
[WhiteElo "2183"]
[BlackElo "2382"]
[PlyCount "159"]
[EventDate "2019.10.18"]
[EventType "team-swiss (rapid)"]
[EventRounds "9"]
[EventCountry "RUS"]
[SourceTitle "CBM 192 Extra"]
[Source "Chessbase"]
[SourceDate "2019.11.06"]
[SourceVersion "1"]
[SourceVersionDate "2019.11.06"]
[SourceQuality "1"]
[WhiteTeam "Karpov Chess School"]
[BlackTeam "Moscow Chess Transit"]
[WhiteTeamCountry "RUS"]
[BlackTeamCountry "RUS"]

1. Nf3 Nf6 2. g3 b5 3. Bg2 Bb7 4. 0-0 c5 5. d3 e6 6. e4 d6 7. Re1 Qb6 8. a4 a6 9. Be3 Ng4 10. Bf4 Nc6 11. h3 Nge5 12. Nxe5 dxe5 13. Be3 Rd8 14. Nd2 Be7 15. Rb1 Qc7 16. axb5 axb5 17. Nb3 c4 18. Nc5 Bc8 19. b4 0-0 20. Qg4 Nd4 21. Bh6 Bf6 22. c3 Nc2 23. Rec1 cxd3 24. Bf1 Na3 25. Ra1 d2 26. Rd1 Nc4 27. Bxc4 bxc4 28. Rxd2 Rxd2 29. Bxd2 Bd7 30. Be3 Bb5 31. Qe2 Rd8 32. Qa2 Qc6 33. Qa7 h6 34. Kh2 Qe8 35. Ra5 Rb8 36. Qc7 Rc8 37. Qb6 Rb8 38. Nb7 Bc6 39. Ra7 Bxe4 40. Qc7 Rc8 41. Qa5 Bxb7 42. Rxb7 Qc6 43. Qa7 Rf8 44. b5 Qf3 45. Rb8 Rxb8 46. Qxb8+ Kh7 47. b6 h5 48. h4 Qd5 49. b7 e4 50. Qc7 Be5 51. b8Q Bxc7 52. Qxc7 Kg6 53. Qf4 f6 54. Qb8 Kf5 55. Qe8 g6 56. Qf7 Qc6 57. Bd4 e5 58. Be3 Qc8 59. Kg2 Qc6 60. Kh3 Qc8 61. Qd5 Qa6 62. Qd1 Ke6 63. Qd8 Kf5 64. Qd7+ Qe6 65. Qd1 Qc8 66. g4+ Ke6 67. gxh5 gxh5 68. Qxh5 Kd5+ 69. Kg3 f5 70. Qf7+ Kd6 71. Bg5 f4+ 72. Kh2 e3 73. fxe3 Qg4 74. Be7+ Kc6 75. Qe8+ Kb7 76. Qb5+ Kc8 77. Qc6+ Kb8 78. Bd6+ Ka7 79. Qc7+ Ka8 80. Qb8# 1-0

[Event "RUS-ch rapid"]
[Site "Sochi"]
[Date "2019.10.16"]
[Round "7"]
[White "Popov, Valerij"]
[Black "Apryshko, Gleb"]
[Result "0-1"]
[WhiteElo "2535"]
[BlackElo "2382"]
[PlyCount "71"]
[EventDate "2019.10.15"]
[EventType "swiss"]
[EventRounds "11"]
[EventCountry "RUS"]
[SourceTitle "CBM 192 Extra"]
[Source "Chessbase"]
[SourceDate "2019.11.06"]
[SourceVersion "1"]
[SourceVersionDate "2019.11.06"]
[SourceQuality "1"]

1. c4 e5 2. g3 Nc6 3. Nc3 Bc5 4. Bg2 a6 5. e3 Nge7 6. Nge2 d6 7. a3 Ba7 8. b4 h5 9. Bb2 h4 10. d4 hxg3 11. hxg3 Rxh1+ 12. Bxh1 Qd7 13. c5 Qh3 14. Bf3 exd4 15. exd4 dxc5 16. Nf4 Qh2 17. Ncd5 Nxd5 18. Nxd5 Nxd4 19. Nxc7+ Kf8 20. Bxd4 cxd4 21. Qe2 Bh3 22. 0-0-0 Rc8 23. Rh1 d3 24. Qxd3 Qxf2 25. Rxh3 Rxc7+ 26. Kb1 Qe1+ 27. Bd1 Ke7 28. Rh4 Qc3 29. Re4+ Kf6 30. Qd6+ Kg5 31. Qf4+ Kg6 32. Qg4+ Kh6 33. Qh3+ Kg6 34. Qh5+ Kf6 35. Rf4+ Ke6 36. Qe2+ 0-1

[Event "RUS-ch rapid"]
[Site "Sochi"]
[Date "2019.10.15"]
[Round "3"]
[White "Pridorozhni, Aleksei"]
[Black "Apryshko, Gleb"]
[Result "1-0"]
[WhiteElo "2599"]
[BlackElo "2382"]
[PlyCount "77"]
[EventDate "2019.10.15"]
[EventType "swiss"]
[EventRounds "11"]
[EventCountry "RUS"]
[SourceTitle "CBM 192 Extra"]
[Source "Chessbase"]
[SourceDate "2019.11.06"]
[SourceVersion "1"]
[SourceVersionDate "2019.11.06"]
[SourceQuality "1"]

1. e4 g6 2. d4 d6 3. c4 e5 4. d5 a5 5. Nc3 Na6 6. h4 h5 7. Nf3 Bg4 8. Qa4+ Bd7 9. Qc2 Bh6 10. Be2 Nc5 11. b3 Bxc1 12. Rxc1 f5 13. Ng5 Nf6 14. Bd3 0-0 15. exf5 Nxd3+ 16. Qxd3 Bxf5 17. Qd2 Nd7 18. 0-0 Nc5 19. Rcd1 Qf6 20. Qe3 Rae8 21. f3 Qe7 22. Rd2 e4 23. fxe4 Bd7 24. Rdf2 Rxf2 25. Rxf2 Rf8 26. Rxf8+ Kxf8 27. Ne2 Kg7 28. Nd4 Qe5 29. Ndf3 Qe7 30. Qd4+ Kg8 31. e5 Bf5 32. e6 Qg7 33. Qe3 Kf8 34. Nd4 Bg4 35. Nb5 Ke7 36. Nxc7 Qa1+ 37. Kh2 Bf5 38. Nb5 Qb2 39. Nxd6 1-0

[Event "Sochi Amateur op 6th"]
[Site "Sochi"]
[Date "2019.04.13"]
[Round "9"]
[White "Apryshko, Gleb"]
[Black "Pogorelskikh, Sergey"]
[Result "0-1"]
[WhiteElo "2383"]
[BlackElo "2246"]
[PlyCount "102"]
[EventDate "2019.04.07"]
[EventType "swiss"]
[EventRounds "9"]
[EventCountry "RUS"]
[SourceTitle "CBM 189 Extra"]
[Source "ChessBase"]
[SourceDate "2019.05.31"]
[SourceVersion "1"]
[SourceVersionDate "2019.05.31"]
[SourceQuality "1"]

1. b3 e5 2. Bb2 Nc6 3. g3 Nf6 4. Bg2 Be7 5. d3 d5 6. Nd2 0-0 7. e3 Bg4 8. Ne2 Qd7 9. h3 Be6 10. a3 Rad8 11. c4 dxc4 12. dxc4 a5 13. Nc3 Bf5 14. g4 Be6 15. Qc2 Nb8 16. 0-0-0 c6 17. f4 exf4 18. exf4 Qd3 19. f5 Qxc2+ 20. Kxc2 Bc8 21. Na4 Nbd7 22. Rhe1 Rfe8 23. g5 Nh5 24. Bf3 Nf4 25. Ne4 b5 26. f6 Bf8 27. fxg7 Bxg7 28. Bg4 bxa4 29. Bxd7 axb3+ 30. Kc1 Bxd7 31. Rxd7 Bxb2+ 32. Kxb2 Kg7 33. Nf6 Rxe1 34. Rxd8 Kg6 35. Rg8+ Kf5 36. Kxb3 Re3+ 37. Ka4 Rxh3 38. Kxa5 Rxa3+ 39. Kb6 Rc3 40. Ne8 Ke6 41. Kc5 Rc1 42. Ng7+ Kd7 43. Rf8 Ne6+ 44. Nxe6 Kxe6 45. Rh8 Rg1 46. Rxh7 Rxg5+ 47. Kxc6 f5 48. Rh8 f4 49. Re8+ Kf5 50. c5 Kg4 51. Kb7 Rxc5 0-1